| 000 | 00517nam a2200193 a 4500 | ||
|---|---|---|---|
| 005 | 20140310183602.0 | ||
| 008 | 120621s19uu xx 00 eng d | ||
| 020 | _a9780415454537 | ||
| 050 |
_aHB 172 _b.W45 2010 |
||
| 100 | _aWhitehead, Judy | ||
| 245 |
_aMicroeconomics / _cJusy Whitehead. |
||
| 260 |
_aUnited States : _bRoutledge, _c2010. |
||
| 300 |
_a[xvv], 496 p. : _bill. ; _c25 cm. |
||
| 500 | _aIncludes index | ||
| 521 | _aBSBA | ||
| 650 | _aMicroeconomics | ||
| 942 |
_cBK _2lcc _kFOR |
||
| 999 |
_c25103 _d25103 |
||